Alexander Graham Bell
| Other Authors: | |
|---|---|
| Format: | Video DVD |
| Language: | Slovak Czech English |
| PhysicalDescription: | 1 videodisk (DVD) (28 min.) zvuk., fareb. 12 cm |
| Published: |
Bratislava
Štúdio Nádej
2015
|
| Series: | Animované príbehy velikánov dejín
|
| Subjects: |
MARC
| LEADER | 00000ngm a2200000 a 4500 | ||
|---|---|---|---|
| 001 | vtls011468838 | ||
| 003 | SK-MaSNL | ||
| 005 | 20260404155704.0 | ||
| 007 | vd cvaizu | ||
| 008 | 160718p2015 xo 028 j vaslo | ||
| 015 | |a SNBJ2016 | ||
| 040 | |a SNK |b slo |c SNK |e AACR2 | ||
| 041 | 1 | |a slo |a cze |a eng |b slo |b cze |h eng | |
| 044 | |a xo |c SK | ||
| 072 | 7 | |a 791 |x Film. Cirkus. Ľudová zábava |2 konspekt | |
| 080 | |a 791.228 |2 2001 | ||
| 080 | |a 791.229-028.41 |2 2001 | ||
| 080 | |a 001.894-051 |2 2001 | ||
| 080 | |a (0.034.44) |2 2001 | ||
| 245 | 0 | 0 | |a Alexander Graham Bell |h videozáznam |c [réžia] Richard Rich |
| 260 | |a Bratislava |b Štúdio Nádej |c 2015 | ||
| 300 | |a 1 videodisk (DVD) (28 min.) |b zvuk., fareb. |c 12 cm | ||
| 490 | 1 | |a Animované príbehy velikánov dejín |v 17 | |
| 500 | |a Interaktívne DVD plne funkčné aj bez počítača | ||
| 500 | |a Americký animovaný film z roku 2008 | ||
| 546 | |a V originálnom anglickom znení, dabing slovensky, česky, titulky slovensky, česky | ||
| 600 | 1 | 7 | |a Bell, Alexander Graham, |d 1847-1922 |2 SNKMA |9 57462 |
| 650 | 0 | 7 | |a objavitelia a vynálezcovia |2 SNKPH |9 118812 |
| 650 | 0 | 7 | |a animované filmy |2 SNKPH |9 3171 |
| 650 | 0 | 7 | |a populárno-náučné filmy |2 SNKPH |9 3399 |
| 655 | 7 | |a DVD |2 SNKPH |9 70751 | |
| 700 | 1 | |a Rich, Richard, |d 1951- |4 drt |9 340456 | |
| 830 | 0 | |a Animované príbehy velikánov dejín |9 340457 | |
| 999 | |c 1015813 |d 1017743 | ||
| 952 | |a SNK |b SNK |y PREZ |7 0 |p 17A1177378 |o snkSDVD 1958 |i snk2016/2012 |8 0 |0 0 |1 0 |4 0 |d 2016-01-26 |l 0 |r 2026-02-24 13:07:38 |w 2026-02-24 | ||


